[Event "CZE-chT2A 1920"]
[Site "Czech Republic"]
[Date "2019.11.03"]
[Round "2.7"]
[White "Klima, Matej"]
[Black "Kovar, Petr"]
[Result "1-0"]
[WhiteElo "2035"]
[BlackElo "1884"]
[PlyCount "51"]
[EventDate "2019.10.13"]
[EventType "team-tourn"]
[EventRounds "11"]
[EventCountry "CZE"]
[SourceTitle "EXT 2024"]
[Source "ChessBase"]
[SourceDate "2023.10.10"]
[SourceVersion "1"]
[SourceVersionDate "2023.10.10"]
[SourceQuality "1"]
[WhiteTeam "Unichess Reserve"]
[BlackTeam "Strakonice"]
[WhiteTeamCountry "CZE"]
[BlackTeamCountry "CZE"]

1. e4 c5 2. Nc3 Nc6 3. f4 g6 4. Nf3 Bg7 5. Bb5 Nd4 6. 0-0 e6 7. Nxd4 cxd4 8. Ne2 a6 9. Bd3 Ne7 10. c3 Nc6 11. Nxd4 Nxd4 12. cxd4 Qb6 13. Kh1 Qxd4 14. Qe2 0-0 15. Rb1 b5 16. b3 Qb6 17. Bb2 Bxb2 18. Rxb2 Bb7 19. Rc2 Rac8 20. Rxc8 Rxc8 21. f5 e5 22. fxg6 hxg6 23. a4 Bc6 24. Qf3 Rf8 25. Qf6 Qd4 26. Rf3 1-0

[Event "Prague Holiday K11"]
[Site "Prague"]
[Date "2017.07.21"]
[Round "9"]
[White "Pokorny, Jan1"]
[Black "Klima, Matej"]
[Result "1/2-1/2"]
[WhiteElo "1835"]
[BlackElo "1874"]
[PlyCount "33"]
[EventDate "2017.07.16"]
[EventType "tourn"]
[EventRounds "9"]
[EventCountry "CZE"]
[SourceTitle "EXT 2023"]
[Source "ChessBase"]
[SourceDate "2022.10.05"]
[SourceVersion "1"]
[SourceVersionDate "2022.10.05"]
[SourceQuality "1"]

1. c4 f5 2. d4 e6 3. Nc3 Bb4 4. Bd2 Nf6 5. a3 Bxc3 6. Bxc3 0-0 7. Nf3 d6 8. e3 b6 9. Be2 Bb7 10. 0-0 Nbd7 11. b4 Ne4 12. Rc1 Qe8 13. Ne1 Ndf6 14. f3 Nxc3 15. Rxc3 a5 16. Qb1 axb4 17. axb4 1/2-1/2

[Event "Prague Holiday K11"]
[Site "Prague"]
[Date "2017.07.20"]
[Round "7"]
[White "Klima, Matej"]
[Black "Mejzr, Jan"]
[Result "1/2-1/2"]
[WhiteElo "1874"]
[BlackElo "1901"]
[PlyCount "66"]
[EventDate "2017.07.16"]
[EventType "tourn"]
[EventRounds "9"]
[EventCountry "CZE"]
[SourceTitle "EXT 2023"]
[Source "ChessBase"]
[SourceDate "2022.10.05"]
[SourceVersion "1"]
[SourceVersionDate "2022.10.05"]
[SourceQuality "1"]

1. f4 Nf6 2. Nf3 d5 3. e3 Bg4 4. h3 Bf5 5. d3 h5 6. Nh4 e6 7. Nxf5 exf5 8. Be2 Bc5 9. 0-0 c6 10. Nc3 b5 11. Bf3 a6 12. a4 b4 13. Ne2 Qb6 14. d4 Bd6 15. Bd2 a5 16. Nc1 Ne4 17. Be1 h4 18. Nd3 f6 19. Bh5+ Ke7 20. Bg6 Nd7 21. Bxf5 Rag8 22. Bxd7 Kxd7 23. Qg4+ Ke7 24. Bxh4 c5 25. Ne5 Bxe5 26. dxe5 c4 27. Rae1 c3 28. b3 Nd2 29. Rf2 Ne4 30. Rfe2 g5 31. fxg5 fxg5 32. Bg3 Qh6 33. Rf1 Qe6 1/2-1/2